| 000 | 00980cam a22002531 4500 | ||
|---|---|---|---|
| 001 | e 15000299 | ||
| 003 | DLC | ||
| 005 | 20260227111203.0 | ||
| 008 | 840906s1913 ag l000 0 spa c | ||
| 010 | _ae 15000299 | ||
| 035 | _a(OCoLC)11126724 | ||
| 040 |
_aLibrary, U.S. Bur. of Education _cDNIE _dDLC |
||
| 042 | _apremarc | ||
| 043 | _as-ag--- | ||
| 050 | 0 | 0 |
_aLB2038 _b.B78 |
| 110 | 1 |
_aBuenos Aires (Argentina). _bInstituto Nacional del Profesorado Secundario. |
|
| 245 | 0 | 0 |
_aReglamento orgánico del Instituto nacional del profesorado secundario. _bDecreto de fecha 11 de febrero de 1913. |
| 260 |
_aBuenos Aires, _bTalleres gráficos de la Penitenciaría nacional, _c1913. |
||
| 300 |
_a24 p. _c21 cm. |
||
| 500 | _aAt head of title: Ministerio de justicia é instrucción pública. | ||
| 650 | 0 |
_aEducational law and legislation _zArgentina. |
|
| 710 | 1 |
_aArgentina. _tLaws, statutes, etc. |
|
| 710 | 1 |
_aArgentina. _bMinisterio de Justicia e Instrucción Pública. |
|
| 999 |
_c19778 _d19778 |
||